| 000 | 00595nam a2200205 a 4500 | ||
|---|---|---|---|
| 001 | 0198 | ||
| 005 | 20140414131854.0 | ||
| 008 | 040819s19uu xx 00 eng d | ||
| 020 | _a0-7460-2093-7 | ||
| 050 |
_aM 741.5 _bSi4 1998 |
||
| 100 | _aSims, Lesley | ||
| 245 |
_aAgent Arthur's island treasure / _cLesley Sims ; illustrated by Paddy Mounter. |
||
| 260 |
_aEngland : _bUsborne, _c1998. |
||
| 300 | _a48 p. : ill. ; cm. | ||
| 440 | _aUsborne 24 Puzzle Adventures | ||
| 650 | _aCartoon, caricatures, comics. | ||
| 650 |
_aAdventures _xFiction. |
||
| 999 |
_c110328 _d110328 |
||